000 01030nam a22003617a 4500
001 BR2011001759
003 BR-BrBNA
005 20230928103625.0
007 ta
008 230509b bl.||||| |||| 00| 0 por d
040 _aBR-BrBNA
_bpor
_cBiblioteca Nacional de Agricultura
041 _a(Por)
072 _aJ11
_b3877
090 _ 3877 BR2011001759
110 1 _aFersol Indústria Comércio S.A., Mairinque, SP (Brasil)
_94735
245 1 _aFertox: guia para fumigação de produtos armazenados
260 3 _aMairinque, SP (Brasil):
_c[nd].
300 _a26 p.
500 _aPublished 2010?; 21 illus.; 3 tables
650 _aFUMIGANTE
650 _aPROPRIEDADE FÍSICO-QUÍMICA
650 _aPRODUTO
650 _aPRAGA DE PRODUTO ARMAZENADO
650 _aDOSAGEM
650 _aMÉTODO DE APLICAÇÃO
650 _aFUMIGAÇÃO
650 _aFOSFINA
650 _aCARUNCHO
650 _aTRAÇA DOS CEREAIS
650 _aSITOTROGA CEREALELLA
909 _a202309
_bLucia
_c55
_dLucia Elande
942 _cBK
999 _c75854
_d75854